Secuestro y capucha
Escrito conformado por tres partes donde se plama las vivencias en la cárcel y los abusos por parte de los militares bajo el mando del coronel Oscar Osorio. Parece existir en la obra la intención de motivar a los sectores progresistas a sostener la lucha contra la dictadura en ese tiempo, así como e...
Збережено в:
| Автор: | |
|---|---|
| Формат: | Книга |
| Мова: | Undetermined |
| Опубліковано: |
San José, Costa Rica
EDUCA
1982
|
| Редагування: | 6 |
| Предмети: | |
| Теги: |
Додати тег
Немає тегів, Будьте першим, хто поставить тег для цього запису!
|
MARC
| LEADER | 00000nam a2200000Ia 4500 | ||
|---|---|---|---|
| 008 | 170316s9999 xx 000 0 und d | ||
| 040 | |a cru BVZT | ||
| 090 | |a 860 C-18s | ||
| 100 | |a Carpio, Salvador Cayetano |9 1362 | ||
| 245 | |a Secuestro y capucha | ||
| 250 | |a 6 | ||
| 260 | |a San José, Costa Rica | ||
| 260 | |b EDUCA | ||
| 260 | |c 1982 | ||
| 300 | |a 230 páginas | ||
| 520 | |a Escrito conformado por tres partes donde se plama las vivencias en la cárcel y los abusos por parte de los militares bajo el mando del coronel Oscar Osorio. Parece existir en la obra la intención de motivar a los sectores progresistas a sostener la lucha contra la dictadura en ese tiempo, así como exponer las atrocidades y el abuso de poder sobre las personas capturadas. | ||
| 650 | |a LITERATURA LATINOAMERICANA |9 15 | ||
| 999 | |c 8505 |d 8505 | ||
| 942 | |c 15 D |h 860 C-18s |2 z | ||
